logo

Bir Sreshtho Munshi Abdur Rouf Library
Jhenaidah Cadet College

Working Words In Spelling : (Record no. 4228)

MARC details
000 -LEADER
fixed length control field 00638nam a2200241 a 4500
001 - CONTROL NUMBER
JCCL Control Number 4228
003 - CONTROL NUMBER IDENTIFIER
JCCL marc code BD-JhCC
005 - DATE AND TIME OF LATEST TRANSACTION
control field 20171207171012.0
008 - FIXED-LENGTH DATA ELEMENTS--GENERAL INFORMATION
fixed length control field 171125s1976 usa||||| |||| 00| 0 eng d
020 ## - INTERNATIONAL STANDARD BOOK NUMBER
International Standard Book Number 06692032856
035 ## - SYSTEM CONTROL NUMBER
system control number (BD-JhCC)4228
040 ## - CATALOGING SOURCE
Original cataloging agency BD-JhCC
Modifying agency BD-JhCC
041 ## - LANGUAGE CODE
Language code of Book eng
082 ## - DEWEY DECIMAL CLASSIFICATION NUMBER
Classification number 428.6
Author mark and Year WOO 1976
100 ## - MAIN ENTRY--PERSONAL NAME
Personal name Woodruff, Willard G.
245 ## - TITLE STATEMENT
Title Working Words In Spelling :
Remainder of title level F /
Statement of responsibility, etc G. Willard Woodruff and George N. Moore
260 ## - PUBLICATION, DISTRIBUTION, ETC. (IMPRINT)
Place of publication, distribution, etc USA :
Name of publisher, distributor, etc D.C. Heath and Company
Date of publication, distribution, etc 1976.
300 ## - PHYSICAL DESCRIPTION
Pagination 176 p. :
Dimensions 23 cm.
650 ## - SUBJECT ADDED ENTRY--TOPICAL TERM
Topical term or geographic name as entry element Speling
650 ## - SUBJECT ADDED ENTRY--TOPICAL TERM
Topical term or geographic name as entry element English Language
942 ## - ADDED ENTRY ELEMENTS (KOHA)
Source of classification or shelving scheme Dewey Decimal Classification
Koha item type Books
Holdings
Source of classification or shelving scheme Damaged status Not for loan Home library Current library Shelving location Date of accession Total Checkouts Full call number Barcode Date last seen Copy number Koha item type
Dewey Decimal Classification     JCC Rouf Library JCC Rouf Library General Stacks 11/25/2017   428.6 WOO 1976 6130 11/25/2017 C- 1 Books
Dewey Decimal Classification     JCC Rouf Library JCC Rouf Library General Stacks 12/07/2017   428.6 WOO 1976 7006 12/07/2017 C-2 Books

JCC Library | Contacts | JCC Home

Last Update on 23 September 2017
Copyright @ 2017-2020 JCC Rouf Library
Rouf Library, Jhenidah Cadet College (JCC), Bangladesh